Beyblade - Noms de Famille - Statistiques

Statistiques générales
  • Ce quiz a été pris 100 fois
  • Le résultat moyen est 7 sur 14
Statistiques - réponses
Prénom Nom % Correct
Gingka Hagane
90%
Masamune Kadoya
80%
Kyoya Tategami
77%
Julian Konzern
57%
Kenta Yumiya
53%
Argo Garcia
52%
Dashan Wang
48%
Madoka Amano
46%
Yu Tendo
46%
Chi-Yun Li
39%
Yuki Mizusawa
38%
Tsubasa Otori
34%
Benkei Hanawa
16%
Hikaru Hasama
16%
Aucun quiz correspondant
Distribution des résultats
% des personnes avec chaque résultat
Percentile par nombre de réponses
Votre historique - résultats
Vous n’avez pas pris ce quiz